Estudio energético de los Aires Acondicionados de la Biblioteca del Recinto Universitario Pedro Arauz Palacios en el cuarto trimestre del año 2016

El estudio presenta el consumo eléctrico de los aire acondicionados de la Biblioteca del Recinto Universitario Pedro Arauz Palacios.. Se realiza consumo de equipos. Calcula la eficiencia de los equipos. Se sugiere medidas para obtener ahorros significativos.

Bibliographic Details
Main Authors: Granados Oporta, Carlos José, Martínez Busto, Luis Enrique
Other Authors: Tutor: Artola Chavarría, Lester Antonio
Format: Tesis Section = Libro
Language:Undetermined
Spanish
Published: Managua UNI 2017
Subjects:
LEADER 01148nam a2200265Ia 4500
008 240830s9999 xx 000 0 und d
040 |a BIBLIOTECA-RUPAP Mon 621.31 G748 
041 |a spa 
082 |a Mon 621.31 G748 
100 1 |a Granados Oporta, Carlos José 
100 1 |b  Martínez Busto, Luis Enrique 
245 1 0 |a Estudio energético de los Aires Acondicionados de la Biblioteca del Recinto Universitario Pedro Arauz Palacios en el cuarto trimestre del año 2016 
260 |a Managua  |b UNI  |c 2017 
300 |a 79 p. :il. 
500 |a Contiene: anexos y CD. 
502 |a Tesis (Ingeniero Mecánico)- UNI, 2017. 
520 3 |a El estudio presenta el consumo eléctrico de los aire acondicionados de la Biblioteca del Recinto Universitario Pedro Arauz Palacios.. Se realiza consumo de equipos. Calcula la eficiencia de los equipos. Se sugiere medidas para obtener ahorros significativos. 
650 7 |a CONSUMO ENERGETICO 
650 7 |b ESTUDIO ENERGETICO 
650 7 |c AIRE ACONDICIONADOS 
650 7 |d EFICIENCIA ENERGETICA 
700 1 |a Tutor:  |b Artola Chavarría, Lester Antonio 
942 |c BK  |2 ddc 
991 |a TESIS 
999 |c 15731